Állammonopolista kapitalizmus : elmélet és valóság /
Uložené v:
| Ďalší autori: | , |
|---|---|
| Médium: | Kniha |
| Jazyk: | Hungarian Undetermined |
| Vydané: |
Budapest :
Kossuth Könyvkiadó,
1970.
|
| Vydanie: | 1. kiad. |
| ISBN: |
(viaz.) |
| Fyzický popis: |
276 s. ; 19 cm. |
| Tagy: |
Pridať tag
Žiadne tagy, Buďte prvý kto otaguje tento záznam!
|
Titul je dostupný aj v ... 

MARC
| LEADER | 00000nam a22000004a 4500 | ||
|---|---|---|---|
| 001 | 000410030 | ||
| 005 | 20121113170214.0 | ||
| 008 | 121113s1970 hu e 000 0 hun d | ||
| 020 | |a (viaz.) |c Kčs 24,00 | ||
| 040 | |a SVKKK |b slo |c SVKKK |e AACR2 | ||
| 041 | 1 | |a hun |h und | |
| 044 | |a hu |c HU | ||
| 245 | 0 | 0 | |a Állammonopolista kapitalizmus : |b elmélet és valóság / |c [összeáll. és bev. György Göncöl] ; [ford. András Balogh ... [et al.]]. |
| 250 | |a 1. kiad. | ||
| 260 | |a Budapest : |b Kossuth Könyvkiadó, |c 1970. | ||
| 300 | |a 276 s. ; |c 19 cm. | ||
| 700 | 1 | |a Göncöl, György |4 com | |
| 700 | 1 | |a Balogh, András |4 trl | |
| 910 | |a svkkk | ||
| 998 | |a BK | ||
| 090 | |g SCKHL |k Sklad Hlavná 10 suterén |a I.38058 |j 439911 |i 2720629176 |s Absenčne | ||